Fire star / (Record no. 2781)

MARC details
000 -LEADER
fixed length control field 01185cam a22003373a 4500
001 - CONTROL NUMBER
control field 2781
003 - CONTROL NUMBER IDENTIFIER
control field FISKH
005 - DATE AND TIME OF LATEST TRANSACTION
control field 20240115115015.0
008 - FIXED-LENGTH DATA ELEMENTS--GENERAL INFORMATION
fixed length control field 061102r20072005nyu c 000 1 eng d
010 ## - LIBRARY OF CONGRESS CONTROL NUMBER
LC control number 2006281585
020 ## - INTERNATIONAL STANDARD BOOK NUMBER
International Standard Book Number 0439901855 (pbk.)
020 ## - INTERNATIONAL STANDARD BOOK NUMBER
International Standard Book Number 9780439901857
035 ## - SYSTEM CONTROL NUMBER
System control number (OCoLC)ocm71781829
040 ## - CATALOGING SOURCE
Original cataloging agency TDS
Transcribing agency TDS
Modifying agency DLC
Language of cataloging eng
050 00 - LIBRARY OF CONGRESS CALL NUMBER
Classification number MLCS 2006/45757 (M)
082 ## - DEWEY DECIMAL CLASSIFICATION NUMBER
Classification number 823.914
100 1# - MAIN ENTRY--PERSONAL NAME
Personal name D'Lacey, Chris.
245 10 - TITLE STATEMENT
Title Fire star /
Statement of responsibility, etc. Chris D'Lacey.
250 ## - EDITION STATEMENT
Edition statement This edition first printing, January 2008
260 ## - PUBLICATION, DISTRIBUTION, ETC.
Place of publication, distribution, etc. New York :
Name of publisher, distributor, etc. Scholastic,
Date of publication, distribution, etc. 2005
300 ## - PHYSICAL DESCRIPTION
Extent 548 pages ;
Dimensions 20 cm
520 ## - SUMMARY, ETC.
Summary, etc. David Rain is faced with the most perilous task yet when Gwilanna returns, this time determined to resurrect the dragon Gawain on the ice cap of the Tooth of Ragnar, unless David and her friends can stop her.
650 #0 - SUBJECT ADDED ENTRY--TOPICAL TERM
Topical term or geographic name entry element Paranormal fiction.
650 #0 - SUBJECT ADDED ENTRY--TOPICAL TERM
Topical term or geographic name entry element Bears
Form subdivision Juvenile fiction.
650 #0 - SUBJECT ADDED ENTRY--TOPICAL TERM
Topical term or geographic name entry element Dragons
Form subdivision Juvenile fiction.
650 #0 - SUBJECT ADDED ENTRY--TOPICAL TERM
Topical term or geographic name entry element Authorship
Form subdivision Juvenile fiction.
650 #0 - SUBJECT ADDED ENTRY--TOPICAL TERM
Topical term or geographic name entry element Boardinghouses
Form subdivision Juvenile fiction.
651 #0 - SUBJECT ADDED ENTRY--GEOGRAPHIC NAME
Geographic name Arctic Regions
Form subdivision Juvenile fiction.
906 ## - LOCAL DATA ELEMENT F, LDF (RLIN)
a 7
b cbc
c copycat
d 2
e ncip
f 20
g y-gencatlg
942 ## - ADDED ENTRY ELEMENTS (KOHA)
Source of classification or shelving scheme Dewey Decimal Classification
Koha item type Books
Suppress in OPAC No
Holdings
Withdrawn status Lost status Source of classification or shelving scheme Damaged status Not for loan Collection Home library Current library Shelving location Date acquired Total Checkouts Full call number Barcode Date last seen Price effective from Koha item type
    Dewey Decimal Classification     Fiction Footprints International School Library Network Toul Kork Campus Footprints International School Library Network Toul Kork Campus   01/15/2024   D'LA Fic PZ7.D6475 FISSE00853 01/15/2024 01/15/2024 Books